Business intelligence implementation : issues and perspectives (Record no. 180289)

MARC details
000 -LEADER
fixed length control field 00474nam a2200169Ia 4500
005 - DATE AND TIME OF LATEST TRANSACTION
control field 20250313105433.0
008 - FIXED-LENGTH DATA ELEMENTS--GENERAL INFORMATION
fixed length control field 231217s9999 xx 000 0 und d
020 ## - INTERNATIONAL STANDARD BOOK NUMBER
International Standard Book Number 9788131401781
082 ## - DEWEY DECIMAL CLASSIFICATION NUMBER
Classification number 658.11 SUJ;1 R
100 ## - MAIN ENTRY--PERSONAL NAME
Personal name Sujatha, B ed.
245 #0 - TITLE STATEMENT
Title Business intelligence implementation : issues and perspectives
260 ## - PUBLICATION, DISTRIBUTION, ETC. (IMPRINT)
Date of publication, distribution, etc. 2006
Name of publisher, distributor, etc. ICFAI
Place of publication, distribution, etc. Hyderabad
300 ## - PHYSICAL DESCRIPTION
Extent xii+260
500 ## - GENERAL NOTE
General note Content page available
650 ## - SUBJECT ADDED ENTRY--TOPICAL TERM
Topical term or geographic name as entry element Business,intelligence,:
942 ## - ADDED ENTRY ELEMENTS (KOHA)
Koha item type Books
Holdings
Date last seen Total Checkouts Full call number Accession number Old discount Uniform Resource Identifier Cost, replacement price Price effective from Category Lost status Damaged status Department Withdrawn status bill no. bill date Permanent Location Current Location Shelving location Entry date Vendor Cost, normal purchase price Grants Currency symbol Conversion rate Discount Discount type
26/01/2024   658.11 SUJ;1 R 48359 15 digital/contents/48359.pdf 382.50 26/01/2024 Books     F-Block Annex   167 28/12/2016 Central Library Central Library F-Block Library Annex 21/02/2008 ICFAI Press 450.00 MBA RS 1 67.5 Rupees

© For any Suggestions or Query, please contact the library staff @ librarian@pes.edu or Phone: +9180 2672 1983/ 2108.